| 000 | 00412nam a22001697a 4500 | ||
|---|---|---|---|
| 005 | 20260402122646.0 | ||
| 008 | 260402b |||||||| |||| 00| 0 eng d | ||
| 020 | _a9789385114571 | ||
| 041 | _aEnglish | ||
| 082 | _a347.077 JOS | ||
| 100 | _a Joshi, Nayan | ||
| 245 | _aAppeal & Revision | ||
| 260 |
_aNew Delhi : _b Kamal Publishers, _c2018. |
||
| 300 | _a444 p | ||
| 650 | _bAppeal : Revision | ||
| 942 | _cDB | ||
| 999 |
_c9587 _d9587 |
||